UBT Library

CompTIA Network (Record no. 50729)

000 -LEADER
fixed length control field 00284nam a22001337a 4500
008 - FIXED-LENGTH DATA ELEMENTS--GENERAL INFORMATION
fixed length control field 181023b xxu||||| |||| 00| 0 eng d
020 ## - INTERNATIONAL STANDARD BOOK NUMBER
International Standard Book Number 9781426017865
041 ## - LANGUAGE CODE
Language code of text/sound track or separate title eng
080 ## - UNIVERSAL DECIMAL CLASSIFICATION NUMBER
Universal Decimal Classification number 004
100 ## - Rafti
Rafti 004
101 ## - Shkurtesa
Shkurtesa 28
245 ## - TITLE STATEMENT
Title CompTIA Network
Statement of responsibility, etc Winder, J
942 ## - ADDED ENTRY ELEMENTS (KOHA)
Source of classification or shelving scheme
Item type Books
Holdings
Withdrawn status Lost status Source of classification or shelving scheme Damaged status Not for loan Collection code Permanent location Current location Shelving location Date acquired Total Checkouts Full call number Barcode Date last seen Price effective from Koha item type
          Koleksioni i përgjithshem UBT - Lipjan UBT - Lipjan Koleksioni i përgjithshem 10/23/2018   004 WIN 002-3016625 10/23/2018 10/23/2018 Books
UBT Library © 2015-2024. All rights reserved University Education for Business and Technology